| 000 | 00708cab a2200265 4500 | ||
|---|---|---|---|
| 001 | WB3107-29 | ||
| 008 | 090401t1995 xxu||||| |||| 00| 0 eng d | ||
| 035 | _a(Sirsi) u3342 | ||
| 041 | _aeng | ||
| 245 | _aCrisis of confidence hits Moscow | ||
| 260 | _c1995 | ||
| 350 | _a0 | ||
| 490 |
_aEuropean _v17 February 1995, 24(1) |
||
| 520 | _aWorries about the economic and political stability of Russia are deterring property developers from investing there. | ||
| 650 | _aDEVELOPMENT | ||
| 650 | _aECONOMY | ||
| 650 | _aMOSCOW | ||
| 650 | _aOFFICE SPACE | ||
| 650 | _aPOLITICS | ||
| 650 | _aRUSSIA | ||
| 650 | _aST PETERSBURG | ||
| 690 | _aOVERSEAS-EUROPE | ||
| 942 | _n0 | ||
| 948 | _c04/03/1997 | ||
| 999 |
_c2048 _d2048 |
||